Loading...

Modernisation and employment: coir industry in kerala.

Bibliographic Details
Main Author: Issac, T M Thomas
Format: Printed Book
Published: New Delhi Sage publications 1992
LEADER 00414nam a22001097a 4500
082 |a 331.1293358  |b THO. M 
100 |a Issac, T M Thomas 
245 |a Modernisation and employment: coir industry in kerala. 
260 |a New Delhi  |b Sage publications  |c 1992 
942 |c BK 
999 |c 11249  |d 11249 
952 |0 0  |1 0  |4 0  |6 331_129335800000000_THO__M  |7 0  |9 13363  |a CAMPUS  |b CAMPUS  |d 2017-07-14  |l 0  |o 331.1293358 THO. M  |p 05094  |r 2017-07-14  |w 2017-07-14  |y BK